000 00508cam a2200145 4500500
005 20251012021702.0
041 _afre
042 _adc
100 1 0 _aMalcor, Marc
_eauthor
245 0 0 _aJean-Christophe Cavallin Kong Junior Seuil, « La librairie du XXIe siècle », 2025, 208 pages, 20 €.
260 _c2025.
500 _a70
786 0 _nÉtudes | - | 9 | 2025-09-01 | p. 124a-125 | 0014-1941
856 4 1 _uhttps://shs.cairn.info/revue-etudes-2025-9-page-124a?lang=fr&redirect-ssocas=7080
999 _c1539157
_d1539157